000 00442nam a2200145Ia 4500
003 OSt
005 20260122110030.0
008 211028s2015 xx 000 0 und d
040 _cAIMIT LIBRARY
041 _aeng
100 _aJubin, G Y; Suresh, Rajani.
_g1316070
_97343
245 _aStudy on customer satisfaction at pest services by experts building solutions Bangalore /
260 _aMangalore
_bRajani Suresh
_c2015
942 _2ddc
_cPRO
999 _c218913
_d218913